000
00336nam a2200145Ia 4500
008
150201s2006 xx 000 0 und d
082
_a
616.462
_b
P06K
100
_a
KENNEDY, LEE
245
_a
PROBLEM SOLVING IN DIABETES
250
_a
1ST
260
_b
JAYPEE
_a
DELHI
_c
2006
300
_a
1-237
650
_a
DIABETES
942
_2
ddc
_c
BK
999
_c
1756
_d
1756